Puzzle JetPunk - La Carte de la France - Statistiques

Statistiques générales
  • Ce quiz a été pris 91 720 fois
  • Le résultat moyen est 15 sur 93
Réponses sur la Carte
Les réponses sont colorées sur une échelle allant du rouge au vert en fonction du pourcentage des utilisateurs qui les ont devinées à leur premier essai. Vous pouvez retrouver ces pourcentages ci-dessous.
 
Statistiques - réponses
Réponse % Correct
64%
54%
53%
42%
38%
30%
29%
29%
28%
26%
25%
24%
21%
21%
18%
18%
17%
17%
17%
17%
17%
17%
16%
16%
16%
16%
16%
15%
15%
15%
15%
15%
15%
15%
15%
14%
14%
14%
14%
14%
14%
13%
13%
13%
13%
13%
13%
13%
13%
13%
13%
13%
12%
12%
12%
12%
12%
12%
12%
12%
12%
12%
12%
11%
11%
11%
11%
11%
11%
11%
11%
11%
11%
10%
10%
10%
10%
10%
10%
10%
10%
10%
10%
10%
10%
10%
10%
10%
10%
10%
9%
9%
9%
Aucun quiz correspondant
Distribution des résultats
% des personnes avec chaque résultat
Percentile par nombre de réponses
Votre historique - résultats
Vous n’avez pas pris ce quiz